000 01040cam a22002534a 4500
999 _c126682
_d126682
001 12396209
003 ARRUPE
005 20170817101502.0
008 010501s2002 inu 000 0 eng
010 _a 2001002575
020 _a1587317257 (alk. paper)
040 _aDLC
_cDLC
_dDLC
042 _apcc
050 0 0 _aBH39
_b.M592 2002
082 0 0 _a111/.85
_221
100 1 _aMontgomery, Marion.
_934842
245 1 0 _aRomancing reality :
_bhomo viator and the scandal called beauty /
_cMarion Montgomery.
260 _aSouth Bend, Ind. :
_bSt. Augustine's Press,
_c2002.
300 _axvii, 138 p. ;
_c24 cm.
505 0 _aFriedrich Schiller as Kantian romantic -- On reading Tolstoy's What is art? -- Seeing the country of reality -- Beauty, that which when seen pleases.
650 0 _aAesthetics.
_934845
650 0 _aReality.
_934846
906 _a7
_bcbc
_corignew
_d1
_eecip
_f20
_gy-gencatlg
942 _2lcc
_cMONOGRAPH